Study on growth rate of avian supplemented creeping water primrose ( ludwigia repens) on C.P concentrate at the animal experimental station at royal university of agriculture, សិក្សាលើការលូតលាស់របស់មាន់សាច់AVIANដោយបន្ថែមកំពីងពួយស្រស់លើចំណីក្រុមហ៊ុនស៊ីភីក្នុងស្ថានីយ៍ពិសោធន៍សត្វនាំសាកលវិទ្យាល័យភូមិន្ទកសិកមុ (Record no. 2369)

000 -LEADER
fixed length control field 00909nam a22001337a 4500
040 ## - CATALOGING SOURCE
Transcribing agency RUA
082 ## - DEWEY DECIMAL CLASSIFICATION NUMBER
Classification number AVM MEN 2010 B093 Or.1
100 ## - MAIN ENTRY--AUTHOR NAME
Personal name MEN, DAVY.
245 ## - TITLE STATEMENT
Title Study on growth rate of avian supplemented creeping water primrose ( ludwigia repens) on C.P concentrate at the animal experimental station at royal university of agriculture, សិក្សាលើការលូតលាស់របស់មាន់សាច់AVIANដោយបន្ថែមកំពីងពួយស្រស់លើចំណីក្រុមហ៊ុនស៊ីភីក្នុងស្ថានីយ៍ពិសោធន៍សត្វនាំសាកលវិទ្យាល័យភូមិន្ទកសិកមុ
260 ## - PUBLICATION, DISTRIBUTION, ETC. (IMPRINT)
Place of publication Phnom Penh
Name of publisher RUA
Year of publication 2010
300 ## - PHYSICAL DESCRIPTION
Number of Pages xiii; 36p.
Other physical details ill.
Dimensions 29cm.
856 ## - ELECTRONIC LOCATION AND ACCESS
Uniform Resource Identifier https://drive.google.com/file/d/1oOiUAIaNPyZoJrB4pqwHROeIFd-ftByB/view?usp=sharing
942 ## - ADDED ENTRY ELEMENTS (KOHA)
Koha item type AVM
952 ## - LOCATION AND ITEM INFORMATION (KOHA)
Withdrawn status [LOCAL, KOHA] 0
952 ## - LOCATION AND ITEM INFORMATION (KOHA)
Withdrawn status [LOCAL, KOHA] 0
952 ## - LOCATION AND ITEM INFORMATION (KOHA)
Withdrawn status [LOCAL, KOHA] 0
952 ## - LOCATION AND ITEM INFORMATION (KOHA)
Withdrawn status [LOCAL, KOHA] 0
952 ## - LOCATION AND ITEM INFORMATION (KOHA)
Withdrawn status [LOCAL, KOHA] 0
952 ## - LOCATION AND ITEM INFORMATION (KOHA)
Withdrawn status [LOCAL, KOHA] 0
952 ## - LOCATION AND ITEM INFORMATION (KOHA)
Withdrawn status [LOCAL, KOHA] 0
952 ## - LOCATION AND ITEM INFORMATION (KOHA)
Withdrawn status [LOCAL, KOHA] 0
952 ## - LOCATION AND ITEM INFORMATION (KOHA)
Withdrawn status [LOCAL, KOHA] 0
Holdings
Permanent Location Date acquired Koha item type Lost status Shelving location Barcode Current Location Full call number
Library Block B2015-10-20AVM B093RUA015541Library Block BAVM MEN 2010 B093 Or.1
Library Block B2015-10-20AVM B093RUA015408Library Block BAVM MEN 2010 B093 Or.2
Library Block B2015-10-20AVM B093RUA015624Library Block BAVM MEN 2010 B093 Or.3
Library Block B2015-10-20AVM B093RUA015552Library Block BAVM MEN 2010 B093 Or.4
Library Block B2015-10-20AVM B093RUA015480Library Block BAVM MEN 2010 B093 Or.5
Library Block B2015-10-20AVM B093RUA015613Library Block BAVM MEN 2010 B093 Or.6
Library Block B2015-10-20AVM B093RUA019173Library Block BAVM MEN 2010 B093 Or.7
Library Block B2015-10-20AVM B093RUA019414Library Block BAVM MEN 2010 B093 Or.8
Library Block B2015-10-20AVM B093RUA019127Library Block BAVM MEN 2010 B093 Or.9
មជ្ឈមណ្ឌលឯការនៃសាកលវិទ្យាល័យភូមិន្ទកសិកម្មចំការដូង

Powered by Koha